Catalog

Record Details

Catalog Search



Runtime Verification First International Conference, RV 2010, St. Julians, Malta, November 1-4, 2010. Proceedings  Cover Image E-book E-book

Runtime Verification [electronic resource] : First International Conference, RV 2010, St. Julians, Malta, November 1-4, 2010. Proceedings / edited by Howard Barringer, Ylies Falcone, Bernd Finkbeiner, Klaus Havelund, Insup Lee, Gordon Pace, Grigore Roşu, Oleg Sokolsky, Nikolai Tillmann.

Barringer, Howard. (editor.). Falcone, Ylies. (editor.). Finkbeiner, Bernd. (editor.). Havelund, Klaus. (editor.). Lee, Insup. (editor.). Pace, Gordon. (editor.). Roşu, Grigore. (editor.). Sokolsky, Oleg. (editor.). Tillmann, Nikolai. (editor.). SpringerLink (Online service) (Added Author).

Record details

  • ISBN: 9783642166129
  • Physical Description: XIII, 492p. 145 illus. online resource.
  • Publisher: Berlin, Heidelberg : Springer Berlin Heidelberg, 2010.
Subject: Computer science.
Software engineering.
Computer software.
Logic design.
Computer Science.
Software Engineering.
Algorithm Analysis and Problem Complexity.
Logics and Meanings of Programs.
Programming Techniques.
Programming Languages, Compilers, Interpreters.
Mathematical Logic and Formal Languages.

Electronic resources


LDR 02264nam a22005535i 4500
00139878
003CONS
00520131220055655.0
007cr nn 008mamaa
008101118s2010 gw | s |||| 0|eng d
020 . ‡a9783642166129 ‡9978-3-642-16612-9
0247 . ‡a10.1007/978-3-642-16612-9 ‡2doi
035 . ‡a(DE-He213)978-3-642-16612-9
050 4. ‡aQA76.758
072 7. ‡aUMZ ‡2bicssc
072 7. ‡aCOM051230 ‡2bisacsh
1001 . ‡aBarringer, Howard. ‡eeditor.
24510. ‡aRuntime Verification ‡h[electronic resource] : ‡bFirst International Conference, RV 2010, St. Julians, Malta, November 1-4, 2010. Proceedings / ‡cedited by Howard Barringer, Ylies Falcone, Bernd Finkbeiner, Klaus Havelund, Insup Lee, Gordon Pace, Grigore Roşu, Oleg Sokolsky, Nikolai Tillmann.
264 1. ‡aBerlin, Heidelberg : ‡bSpringer Berlin Heidelberg, ‡c2010.
300 . ‡aXIII, 492p. 145 illus. ‡bonline resource.
336 . ‡atext ‡btxt ‡2rdacontent
337 . ‡acomputer ‡bc ‡2rdamedia
338 . ‡aonline resource ‡bcr ‡2rdacarrier
347 . ‡atext file ‡bPDF ‡2rda
4901 . ‡aLecture Notes in Computer Science, ‡x0302-9743 ; ‡v6418
650 0. ‡aComputer science.
650 0. ‡aSoftware engineering.
650 0. ‡aComputer software.
650 0. ‡aLogic design.
65014. ‡aComputer Science.
65024. ‡aSoftware Engineering.
65024. ‡aAlgorithm Analysis and Problem Complexity.
65024. ‡aLogics and Meanings of Programs.
65024. ‡aProgramming Techniques.
65024. ‡aProgramming Languages, Compilers, Interpreters.
65024. ‡aMathematical Logic and Formal Languages.
7001 . ‡aFalcone, Ylies. ‡eeditor.
7001 . ‡aFinkbeiner, Bernd. ‡eeditor.
7001 . ‡aHavelund, Klaus. ‡eeditor.
7001 . ‡aLee, Insup. ‡eeditor.
7001 . ‡aPace, Gordon. ‡eeditor.
7001 . ‡aRoşu, Grigore. ‡eeditor.
7001 . ‡aSokolsky, Oleg. ‡eeditor.
7001 . ‡aTillmann, Nikolai. ‡eeditor.
7102 . ‡aSpringerLink (Online service)
7730 . ‡tSpringer eBooks
77608. ‡iPrinted edition: ‡z9783642166112
830 0. ‡aLecture Notes in Computer Science, ‡x0302-9743 ; ‡v6418
85640. ‡uhttp://biblioteca.ipicyt.edu.mx:2048/login?url=http://dx.doi.org/10.1007/978-3-642-16612-9 ‡yTexto completo ‡9CONS
950 . ‡aComputer Science (Springer-11645)
901 . ‡a39878 ‡b ‡c39878 ‡tbiblio ‡sSystem Local

Additional Resources